000 01904nam1a2200373 i 4500
001 RU\NLR\BIBL_A\021980551
005 20241103093357.0
010 _a9785970476246
035 _a(NLR Aleph) 021980551
090 _a12397062
_c12397062
100 _a20230713d2023 k y0rusy50 ba
101 0 _aeng
102 _aRU
105 _a||||j |||||
181 0 _ai
_baxxe
182 0 _an
200 1 _aOperative surgery and topogtaphic anatomy
_dТопографическая анатомия и оперативная хирургия
_epractical surgical skills for students of years II-IV of medical universities and faculties program
_ein 2 parts
_fProf. E. V. Blinova, Prof. Yu. L. Vasiliev, Prof. S. S. Dydykin [et al.]
_gedited by S. S. Dydykin
_zrus
203 _aТекст
_bвизуальный
_cнепосредственный
210 _aMoscow
_cGEOTAR-Media
_d2023
215 _a24
225 1 _aTutorial guide
_dУчебное пособие
300 _aАвт. указаны на обороте тит. с.
510 1 _aТопографическая анатомия и оперативная хирургия
_zrus
606 _aОперативная хирургия
_jУчебные издания для высших учебных заведений
_9958793
_3RU\NLR\AUTH\6638805
606 1 _aТопографическая анатомия
_jУчебные издания для высших учебных заведений
_9966482
_3RU\NLR\AUTH\6642927
686 1 _aР454я73
686 1 _aР454.4я73
701 1 _aBlinova
_bE. V.
_f1981-
_gEkaterina Valerievna
701 1 _7ba
_8rus
_aVasil'ev
_bJ. L.
_cд-р мед. наук, стоматология
_gJurij Leonidovič
_9258151
_3RU\NLR\AUTH\770258207
701 1 _aDydykin
_bS. S.
_gSergej Sergeevič
_4070
_4340
852 _aNLR
_jИк 2023-7/257
942 _cBOOK